000 00698nam a2200169 a 4500
008 130730s2012 ||||||||||||||||| || u
050 _aCOMESA(05)
110 _aCommon Market for Eastern and Southern Africa (COMESA)
245 1 0 _aCOMESA news publication
_cby Common Market for Eastern and Southern Africa [COMESA]
260 _aLusaka:
_bCommon Market for Eastern and Southern Africa (COMESA)
_c2012
300 _a36p.: ill.
362 1 _a<p>2012 Issue No. 1</p>
490 _aCOMESA News Publication
490 _vNo. 1
650 _aCOMESA NEWS
995 _FCBU-MAIN LIBRARY (Kitwe)
_M1
_UAVAILABLE
_WJul 31, 2013
_ZInternational Publications
999 _c37768
_d37768